| 000 | 01469cam a2200445 a 4500 | ||
|---|---|---|---|
| 001 | 13982610 | ||
| 003 | GZU | ||
| 005 | 20260311134947.0 | ||
| 008 | 050525s2006 enk b 001 0 eng | ||
| 010 | _a 2005928153 | ||
| 015 |
_aGBA598990 _2bnb |
||
| 016 | 7 |
_a013343020 _2Uk |
|
| 020 |
_a1412908566 _qhbk. |
||
| 020 |
_a1412908574 _qpbk. |
||
| 020 |
_a9781412908566 _c(hbk.) |
||
| 020 |
_a9781412908573 _c(pbk.) |
||
| 022 | _a. | ||
| 035 | _a13982610 | ||
| 035 | _a(OCoLC)62344521 | ||
| 040 |
_aUKM _cUKM _dBWKUK _dBAKER _dMUQ _dOCLCQ _dGZULib _beng _erda |
||
| 042 | _alccopycat | ||
| 050 | 0 | 0 |
_aHV10.5 _b.HIG 2006 |
| 100 | 1 |
_aHigham, P. E., _d1939- _eauthor |
|
| 245 | 1 | 0 |
_aSocial work : _bintroducing professional practice / _cPatricia Higham. |
| 260 |
_aLondon ; _aThousand Oaks, Calif. : _bSage Publications, _c2006. |
||
| 300 |
_a233 pages ; _c24 cm. |
||
| 336 |
_atext _btxt _2rdacontent |
||
| 337 |
_aunmediated _bn _2rdamedia |
||
| 338 |
_avolume _bnc _2rdacarrier |
||
| 504 | _aIncludes bibliographical references (p. [208]-226) and index. | ||
| 505 | _a. | ||
| 520 | _a. | ||
| 650 | 0 | _aSocial service. | |
| 650 | 0 | _aSocial workers. | |
| 650 | 6 | _aService social. | |
| 650 | 6 |
_aService social _xPratique. |
|
| 856 | 4 | 2 |
_3Publisher description _uhttp://www.loc.gov/catdir/enhancements/fy0666/2005928153-d.html |
| 856 | 4 | 1 |
_3Table of contents only _uhttp://www.loc.gov/catdir/enhancements/fy0666/2005928153-t.html |
| 942 |
_2lcc _cBK _h10.5 _iHIG _kHV |
||
| 999 |
_c11693 _d11693 |
||